000 00584nam a2200193 a 4500
001 BRCA_2508
005 20190320203837.0
008 271108s1828----gw-a---###---#000-0#ger-u
050 4 _aNE651
_b.A53 [186?]
100 1 _aAndresen, Andreas
_d1828-1871
_97215
245 1 0 _aDer Deutsche peintre-graveur oder die deutschen Maler als Kupferstecher...
_cAndreas Andresen.
260 _aLeipzig, Alemania
_bR. Weigel
_c[186?]
300 _a3 v.
_bil.
_c23 cm.
500 _aA43
650 1 4 _aGrabadores alemanes
_97216
650 1 4 _aPintores alemanes
_9797
902 _aGFM
942 _2lcc
_cB
999 _c2249
_d2249